[Event "ZN-2011-0-01793"]
[Site "LSS email"]
[Date "2011.12.13"]
[Round "?"]
[White "Selby, Martin"]
[Black "Newton, Daryl"]
[Result "0-1"]
[WhiteElo "800"]
[BlackElo "558"]
[PlyCount "24"]
[EventDate "2011.12.06"]
[EventType "match (corr)"]
[EventRounds "2"]
[EventCountry "GER"]
[SourceTitle "Corr 2015"]
[Source "ChessBase"]
[SourceDate "2015.07.17"]
[SourceVersion "1"]
[SourceVersionDate "2015.07.17"]
[SourceQuality "1"]

1. e4 e5 2. Qf3 Nf6 3. Nc3 Be7 4. Bc4 c6 5. Nge2 a6 6. 0-0 d5 7. exd5 cxd5 8. Nxd5 Be6 9. Nxf6+ Bxf6 10. Bd3 Nc6 11. c3 Qd6 12. Be4 Rc8 0-1